| 000 | 01082cam a22002778a 4500 | ||
|---|---|---|---|
| 001 | 15988010 | ||
| 003 | Nust- CAS-E | ||
| 005 | 20180118181354.0 | ||
| 008 | 091118s2010 flua b 001 0 eng | ||
| 010 | _a 2009045645 | ||
| 020 | _a9781439806784 | ||
| 040 |
_aDLC _cDLC _dDLC |
||
| 050 | 0 | 0 |
_aTK2931 _b.P7846 2010 |
| 082 | 0 | 0 |
_a621.31/2429 _222 _bPRO 2010 |
| 245 | 0 | 0 |
_aProton exchange membrane fuel cells : _bcontamination and mitigation strategies / _ceditors, Hui Li ... [et al.]. |
| 260 |
_aBoca Raton : _bTaylor & Francis, _c2010. |
||
| 300 |
_a417 p. : _bill. ; _c24 cm. |
||
| 490 | 0 | _aGreen chemistry and chemistry engineering | |
| 504 | _aIncludes bibliographical references and index. | ||
| 650 | 0 | _aProton exchange membrane fuel cells. | |
| 700 | 1 |
_aLi, Hui, _d1964- |
|
| 710 | 0 | _4Shanna Knights, Zheng Shi, John W. Van Zee, Jiujun Zhang | |
| 906 |
_a7 _bcbc _corignew _d1 _eecip _f20 _gy-gencatlg |
||
| 942 |
_2ddc _cBK |
||
| 999 |
_c355224 _d355224 |
||